00263pam a2200109 a 4500020000500000041000500005082001300010100001600023245004900039260005400088300001100142 c h a301bMIL aMills, T.M. aSociology Of Small GroupshTextual Documents aNew DelhibPrentice Hall Of India Private Limited a152/PB